| 000 | 01993nam a2200313 i 4500 | ||
|---|---|---|---|
| 003 | DO-SdBNP | ||
| 005 | 20260305073952.0 | ||
| 006 | a||||gr|||| 00| 0 | ||
| 007 | ta | ||
| 008 | 230706b1993 dr ac||| |||| 00| e eng d | ||
| 040 |
_aDO-SdBNP _bspa _cBNPHU _erda |
||
| 082 | 4 |
_222 _bF996f |
|
| 245 | 0 | 3 | _a"El futuro de la industria dominicana: un reto nacional". / |
| 246 | 0 | 4 |
_a"El futuro de la industria dominicana: un reto nacional": _b1992 |
| 264 | 1 |
_aSanto Domingo : _bANJE, _c1993 |
|
| 300 |
_a186 páginas : _bIlustraciones, retratos ; _c21 cm |
||
| 336 |
_2rdaconten _atexto _btxt |
||
| 337 |
_2rdamedia _asin medición _bn |
||
| 338 |
_2rdacarrier _avolumen _bnc |
||
| 505 |
_aPalabras de bienvenida. / _rJuan Bancalart Brugal.-- _tLa Industria Dominicana: Evolución y Perspectivas. / _rFrank Moya Pons.-- _tRetos y porvenir de la Agroindustria Nacional. / _rIng. Marto Cabrera.-- _tLos retos de la nueva industrialización: los enlaces industriales y la reestructuración industrial. / _rIng. Jorge Abbott.-- Comentarios de Celso Marranzini.-- Elena Viyella de Paliza.-- Andrés Dauhajre, hijo.-- José Miguel Banetti.-- Preguntas y respuestas.-- _tLa Estabilidad finaciera y Cambiaria, y el Desarrollo Industrial. / _rLic. Julio C. Libre.-- _tLa Inversión extrangera y el Desarrollo Industrial Dominicano. / _rCarlos Despradel.-- _tEl Desarrollo de la Industrial Dominicana. / _rIng. George Arzano Brugal.-- Comentarios de: José Luis de Ramón.-- Abel Wachsmann.-- Ricardo Valdez Albizu.-- Randolph Fleming.-- Luis Sánchez Noble.-- Preguntas y respuestas.-- _tPalabras de Clausura del Seminario ANJE '92. / _rRafael del todo Gómez.-- |
||
| 590 | _aInventariado 2023 / MF | ||
| 700 | 1 |
_aBancalart Brugal, Juan _983721 |
|
| 700 | 1 |
_aMoya Pons, Frank, _d1944- _92095 |
|
| 700 | 1 |
_aCabrera, Marto _983722 |
|
| 700 | 1 |
_a Abbott, Jorge _983723 |
|
| 700 | 1 |
_a Llibre, Julio C. _983724 |
|
| 710 | 2 |
_aAsociación Nacional de Jóvenes Empresarios (República Dominicana) _918693 |
|
| 942 |
_2ddc _cLBS1 |
||
| 999 |
_c54126 _d54126 |
||